| 000 | 00813nam a22002417a 4500 | ||
|---|---|---|---|
| 999 |
_c6976 _d6976 |
||
| 003 | AR-CdUCM | ||
| 008 | 190319b ||||| |||| 00| 0 spa d | ||
| 040 |
_aMUNICIPALIDAD PROVINCIAL DEL CUSCO _cBIBLIOTECA MUNICIPAL DEL CUSCO |
||
| 041 | _heng | ||
| 082 |
_a531 / _bSE31 |
||
| 100 |
_aSeaborg, Glenn T. _919670 |
||
| 245 | _aElementos Transuranicos Artificiales / | ||
| 260 |
_aMexico : _bHispano Americana, _c1966. |
||
| 300 |
_a206 paginas ; _bIlustraciones, graficos, cuadros _c18cm. |
||
| 440 |
_aManuales Uteha _n2 _919671 |
||
| 505 | _aContenido: Transurenicos -- periodica -- elemtos transurenicos -- actinidos -- fisicas y quimicas... | ||
| 650 |
_aFisica _92382 |
||
| 650 |
_aTransurinicos _919672 |
||
| 650 |
_aActinidos _919673 |
||
| 650 |
_aQuimica _94512 |
||
| 942 |
_2ddc _cLIBROS |
||
| 945 | _apjha | ||